[Event "Frankfurt-chA"]
[Site "Frankfurt"]
[Date "2019.05.27"]
[Round "5"]
[White "Rauscher, Joachim"]
[Black "Schlumbohm, Nils"]
[Result "1/2-1/2"]
[WhiteElo "1764"]
[BlackElo "1584"]
[PlyCount "62"]
[EventDate "2019.04.29"]
[EventType "swiss"]
[EventRounds "7"]
[EventCountry "GER"]
[SourceTitle "EXT 2020"]
[Source "ChessBase"]
[SourceDate "2019.10.17"]
[SourceVersion "1"]
[SourceVersionDate "2019.10.17"]
[SourceQuality "1"]

1. e4 c6 2. d4 d5 3. Nc3 dxe4 4. Nxe4 Bf5 5. Ng3 Bg6 6. Nf3 Nd7 7. h4 h6 8. h5 Bh7 9. Bd3 Bxd3 10. Qxd3 Qc7 11. Bd2 e6 12. Ne4 Ngf6 13. g3 Nxe4 14. Qxe4 Nf6 15. Qe2 Bd6 16. 0-0-0 0-0-0 17. Kb1 Rhe8 18. Ne5 c5 19. c3 Kb8 20. f4 cxd4 21. cxd4 Bxe5 22. dxe5 Nd5 23. Rc1 Qb6 24. g4 Rd7 25. Rh3 Rc8 26. Rhh1 Rcd8 27. Rc2 Nb4 28. Bxb4 Qxb4 29. Rc4 Rd2 30. Rxb4 Rxe2 31. Rg1 Rdd2 1/2-1/2

[Event "Frankfurt-chA"]
[Site "Frankfurt"]
[Date "2018.06.11"]
[Round "6"]
[White "Schlumbohm, Nils"]
[Black "Markulic, Petar"]
[Result "1/2-1/2"]
[WhiteElo "1581"]
[BlackElo "1502"]
[PlyCount "48"]
[EventDate "2018.04.30"]
[EventType "swiss"]
[EventRounds "7"]
[EventCountry "GER"]
[SourceTitle "EXT 2019"]
[Source "ChessBase"]
[SourceDate "2018.10.10"]
[SourceVersion "1"]
[SourceVersionDate "2018.10.10"]
[SourceQuality "1"]

1. Nf3 e6 2. c4 Nc6 3. Nc3 Nf6 4. d4 d5 5. Bg5 Be7 6. e3 a6 7. Rc1 h6 8. Bh4 g5 9. Bg3 Bd6 10. Bd3 Bd7 11. 0-0 Qe7 12. e4 Bxg3 13. fxg3 dxe4 14. Nxe4 Nxe4 15. Bxe4 0-0-0 16. a3 f5 17. Bxc6 Bxc6 18. Ne5 Be8 19. b4 Qd6 20. Qe2 Qxd4+ 21. Kh1 Bh5 22. g4 Bxg4 23. Nxg4 fxg4 24. Qxe6+ Kb8 1/2-1/2

[Event "Frankfurt-chA"]
[Site "Frankfurt"]
[Date "2018.06.04"]
[Round "5"]
[White "Diehl, Stefan"]
[Black "Schlumbohm, Nils"]
[Result "1-0"]
[WhiteElo "1725"]
[BlackElo "1581"]
[PlyCount "43"]
[EventDate "2018.04.30"]
[EventType "swiss"]
[EventRounds "7"]
[EventCountry "GER"]
[SourceTitle "EXT 2019"]
[Source "ChessBase"]
[SourceDate "2018.10.10"]
[SourceVersion "1"]
[SourceVersionDate "2018.10.10"]
[SourceQuality "1"]

1. f4 g6 2. e3 Bg7 3. Nf3 d6 4. Be2 Nd7 5. 0-0 c5 6. Nc3 Ngf6 7. d3 b6 8. Qe1 Bb7 9. e4 d5 10. e5 Ng8 11. Ng5 Nf8 12. d4 a6 13. f5 f6 14. exf6 Bxf6 15. fxg6 hxg6 16. Bg4 Bxd4+ 17. Kh1 Nh6 18. Rxf8+ Rxf8 19. Ne6 Qd6 20. Bxh6 Bf2 21. Qe2 Rh8 22. Bf4 1-0

[Event "Frankfurt-chA"]
[Site "Frankfurt"]
[Date "2018.05.07"]
[Round "2"]
[White "Schlumbohm, Nils"]
[Black "Kautz, Thomas"]
[Result "1/2-1/2"]
[WhiteElo "1581"]
[BlackElo "1763"]
[PlyCount "41"]
[EventDate "2018.04.30"]
[EventType "swiss"]
[EventRounds "7"]
[EventCountry "GER"]
[SourceTitle "EXT 2019"]
[Source "ChessBase"]
[SourceDate "2018.10.10"]
[SourceVersion "1"]
[SourceVersionDate "2018.10.10"]
[SourceQuality "1"]

1. d4 g6 2. c4 Nf6 3. Nc3 Bg7 4. e4 d6 5. f3 0-0 6. Bd3 e5 7. Nge2 Nc6 8. d5 Ne7 9. Be3 Ne8 10. 0-0 f5 11. Rc1 Nf6 12. c5 fxe4 13. Bxe4 Nf5 14. Bxf5 Bxf5 15. Ng3 Bd7 16. cxd6 cxd6 17. Nge4 Bf5 18. Qb3 Rf7 19. Rfd1 Bxe4 20. Nxe4 Nxe4 21. fxe4 1/2-1/2

[Event "Rhein Main op-B 20th"]
[Site "Bad Homburg"]
[Date "2017.06.14"]
[Round "1"]
[White "Schlumbohm, Nils"]
[Black "Graef, Jakob Vincent"]
[Result "1-0"]
[WhiteElo "1833"]
[BlackElo "1537"]
[PlyCount "49"]
[EventDate "2017.06.14"]
[EventType "swiss"]
[EventRounds "7"]
[EventCountry "GER"]
[SourceTitle "EXT 2018"]
[Source "ChessBase"]
[SourceDate "2017.10.13"]
[SourceVersion "1"]
[SourceVersionDate "2017.10.13"]
[SourceQuality "1"]

1. d4 c6 2. c4 d5 3. Nf3 Nf6 4. cxd5 cxd5 5. Nc3 e6 6. Bf4 Bd6 7. Bg3 0-0 8. e3 Nc6 9. Rc1 Bxg3 10. hxg3 Qb6 11. Bd3 Qxb2 12. Ne5 Nb4 13. Bb1 Ne4 14. Nxe4 dxe4 15. Bxe4 f5 16. Bf3 Qxa2 17. 0-0 Rb8 18. Ra1 Qb2 19. Qa4 Nc6 20. Rab1 b5 21. Qd1 Qc3 22. Bxc6 b4 23. Qa4 a6 24. Rfc1 Qd2 25. Rc2 1-0

[Event "Rhein Main op-B 19th"]
[Site "Bad Homburg"]
[Date "2016.05.28"]
[Round "6"]
[White "Schlumbohm, Nils"]
[Black "Schellen, Sven"]
[Result "1-0"]
[WhiteElo "1558"]
[BlackElo "1786"]
[PlyCount "65"]
[EventDate "2016.05.25"]
[EventType "swiss"]
[EventRounds "7"]
[EventCountry "GER"]
[SourceTitle "EXT 2017"]
[Source "ChessBase"]
[SourceDate "2016.10.25"]
[SourceVersion "1"]
[SourceVersionDate "2016.10.25"]
[SourceQuality "1"]

1. d4 Nf6 2. c4 e6 3. Nc3 d5 4. Nf3 c5 5. cxd5 exd5 6. g3 Nc6 7. Bg2 Be7 8. 0-0 0-0 9. dxc5 Bxc5 10. Na4 Bd6 11. b3 Be6 12. Bb2 Ne4 13. Rc1 Rc8 14. Nd4 Bd7 15. Nb5 Nb4 16. Rxc8 Qxc8 17. Nxd6 Nxd6 18. Qd4 Nf5 19. Qxb4 Qc2 20. e4 dxe4 21. Bxe4 Qe2 22. Bxf5 Bxf5 23. Re1 Qh5 24. Qd4 f6 25. Qd5+ Kh8 26. Nc5 Qg4 27. Nd3 h5 28. Nf4 h4 29. Re7 hxg3 30. hxg3 g5 31. Qh1+ Kg8 32. Qd5+ Kh8 33. Bxf6+ 1-0

[Event "Rhein Main op-B 19th"]
[Site "Bad Homburg"]
[Date "2016.05.25"]
[Round "1"]
[White "Branda, Ralf Claudio"]
[Black "Schlumbohm, Nils"]
[Result "0-1"]
[WhiteElo "1869"]
[BlackElo "1558"]
[PlyCount "62"]
[EventDate "2016.05.25"]
[EventType "swiss"]
[EventRounds "7"]
[EventCountry "GER"]
[SourceTitle "EXT 2017"]
[Source "ChessBase"]
[SourceDate "2016.10.25"]
[SourceVersion "1"]
[SourceVersionDate "2016.10.25"]
[SourceQuality "1"]

1. Nf3 Nf6 2. c4 g6 3. Nc3 Bg7 4. e4 d6 5. d4 0-0 6. Be2 Nbd7 7. 0-0 e5 8. Re1 exd4 9. Nxd4 Nc5 10. f3 a5 11. Bg5 c6 12. Qd2 Qb6 13. Kh1 a4 14. Rad1 Rd8 15. Qf4 Ncd7 16. Rd2 Re8 17. g4 Nxg4 18. fxg4 Bxd4 19. Qxd6 Be5 20. Qd3 Nc5 21. Qf3 Bxc3 22. bxc3 Nxe4 23. Bh6 Qf2 24. Qxf2 Nxf2+ 25. Kg2 Nxg4 26. Bg5 Bf5 27. Rc1 Kg7 28. Kg3 Nf6 29. Bf3 Ne4+ 30. Bxe4 Rxe4 31. Rb2 Rg4+ 0-1

[Event "Frankfurt-chA"]
[Site "Frankfurt"]
[Date "2015.05.18"]
[Round "4"]
[White "Raquet, Helmut"]
[Black "Schlumbohm, Nils"]
[Result "1/2-1/2"]
[WhiteElo "1644"]
[BlackElo "1549"]
[PlyCount "54"]
[EventDate "2015.04.27"]
[EventType "swiss"]
[EventRounds "7"]
[EventCountry "GER"]
[SourceTitle "EXT 2016"]
[Source "ChessBase"]
[SourceDate "2015.10.08"]
[SourceVersion "1"]
[SourceVersionDate "2015.10.08"]
[SourceQuality "1"]

1. d4 d5 2. c4 c6 3. e3 Nf6 4. Nc3 e6 5. Nf3 Nbd7 6. Bd3 dxc4 7. Bxc4 b5 8. Bd3 Bb7 9. 0-0 a6 10. Qc2 Rc8 11. Qe2 c5 12. dxc5 Nxc5 13. Rd1 Qb6 14. Bc2 b4 15. Na4 Qa7 16. Nxc5 Bxc5 17. Ba4+ Ke7 18. Bd2 Bc6 19. Bxc6 Rxc6 20. Rac1 Rhc8 21. Ne5 R6c7 22. Nd3 a5 23. Nxc5 Rxc5 24. Rxc5 Qxc5 25. h3 Qc4 26. Qf3 Qe4 27. Qe2 Qc4 1/2-1/2

[Event "OP-2015-0-03674"]
[Site "LSS email"]
[Date "2015.03.18"]
[Round "?"]
[White "Schlumbohm, Nils"]
[Black "Lauer, Frederic"]
[Result "0-1"]
[WhiteElo "1870"]
[BlackElo "1101"]
[PlyCount "30"]
[EventDate "2015.03.12"]
[EventType "tourn (corr)"]
[EventRounds "4"]
[EventCountry "GER"]
[SourceTitle "Corr 2022"]
[Source "ChessBase"]
[SourceDate "2021.10.24"]
[SourceVersion "1"]
[SourceVersionDate "2021.10.24"]
[SourceQuality "1"]

1. d4 Nf6 2. Bg5 d5 3. Bxf6 exf6 4. e3 c5 5. dxc5 Bxc5 6. Nc3 d4 7. exd4 Qxd4 8. Qxd4 Bxd4 9. Bb5+ Bd7 10. Nge2 Bb6 11. 0-0-0 Bxb5 12. Nxb5 0-0 13. f4 Nc6 14. Nd6 Rab8 15. c3 Bc5 0-1

[Event "OP-2015-0-03674"]
[Site "LSS email"]
[Date "2015.03.18"]
[Round "?"]
[White "Schlumbohm, Nils"]
[Black "Lenz, Juergen"]
[Result "0-1"]
[WhiteElo "1870"]
[BlackElo "1119"]
[PlyCount "34"]
[EventDate "2015.03.12"]
[EventType "tourn (corr)"]
[EventRounds "4"]
[EventCountry "GER"]
[SourceTitle "Corr 2022"]
[Source "ChessBase"]
[SourceDate "2021.10.24"]
[SourceVersion "1"]
[SourceVersionDate "2021.10.24"]
[SourceQuality "1"]

1. d4 Nf6 2. Bg5 c5 3. Bxf6 gxf6 4. dxc5 Qa5+ 5. Nd2 Qxc5 6. Ngf3 d5 7. e3 Nc6 8. a3 a5 9. c4 dxc4 10. Bxc4 Be6 11. Bxe6 fxe6 12. 0-0 Rd8 13. Qb3 Qd5 14. Qxb7 Bh6 15. Rfc1 Ne5 16. Qxd5 exd5 17. Rc5 Kf7 0-1

[Event "GER HS-153 email"]
[Site "GER email"]
[Date "2013.09.30"]
[Round "?"]
[White "Schlumbohm, Nils"]
[Black "Wilke, Marc"]
[Result "1/2-1/2"]
[WhiteElo "1840"]
[BlackElo "1766"]
[PlyCount "85"]
[EventDate "2013.10.07"]
[EventType "tourn (corr)"]
[EventRounds "6"]
[EventCountry "GER"]
[SourceTitle "Corr 2015"]
[Source "ChessBase"]
[SourceDate "2015.07.17"]
[SourceVersion "1"]
[SourceVersionDate "2015.07.17"]
[SourceQuality "1"]

1. e4 c6 2. d4 d5 3. e5 Bf5 4. Nf3 e6 5. Be2 Nd7 6. 0-0 Ne7 7. Nbd2 Qc7 8. c3 h6 9. a4 c5 10. a5 Nc6 11. dxc5 Bxc5 12. Nb3 0-0 13. Nxc5 Nxc5 14. Be3 Nd7 15. Nd4 Qxe5 16. a6 Nxd4 17. Bxd4 Qc7 18. axb7 Qxb7 19. b4 e5 20. Be3 Qc6 21. Qd2 Rfc8 22. Rfc1 Nb6 23. Ra5 Qg6 24. f3 Rd8 25. Ra6 Bc8 26. Ra5 Bb7 27. Rd1 a6 28. Bf2 Nc4 29. Bxc4 dxc4 30. Qxd8+ Rxd8 31. Rxd8+ Kh7 32. Rxe5 Bxf3 33. Bg3 Be4 34. Rd2 f5 35. Bf4 Qf6 36. Rd4 Qh4 37. Bg3 Qg4 38. Kf2 Qg6 39. Re7 Qf6 40. Rdd7 Qxc3 41. Rxg7+ Qxg7 42. Rxg7+ Kxg7 43. Be5+ 1/2-1/2

[Event "GER MS-169 email"]
[Site "GER email"]
[Date "2012.11.06"]
[Round "?"]
[White "Zoll, Detlef"]
[Black "Schlumbohm, Nils"]
[Result "1-0"]
[WhiteElo "2018"]
[BlackElo "1926"]
[PlyCount "39"]
[EventDate "2012.11.12"]
[EventType "tourn (corr)"]
[EventRounds "6"]
[EventCountry "GER"]
[SourceTitle "Corr 2015"]
[Source "ChessBase"]
[SourceDate "2015.07.17"]
[SourceVersion "1"]
[SourceVersionDate "2015.07.17"]
[SourceQuality "1"]

1. d4 d5 2. c4 e6 3. Nf3 Nf6 4. Nc3 c6 5. e3 Nbd7 6. Qc2 Bd6 7. Bd3 dxc4 8. Bxc4 0-0 9. 0-0 b5 10. Be2 a6 11. Rd1 Qc7 12. e4 e5 13. Bg5 h6 14. dxe5 Nxe5 15. Bxf6 gxf6 16. Nd4 Kh7 17. Rac1 Rg8 18. Kh1 Rxg2 19. Kxg2 Bd7 20. Kh1 1-0

[Event "GER MS-168 email"]
[Site "GER email"]
[Date "2012.10.28"]
[Round "?"]
[White "Richter, Marko"]
[Black "Schlumbohm, Nils"]
[Result "1-0"]
[WhiteElo "2075"]
[BlackElo "1894"]
[PlyCount "47"]
[EventDate "2012.11.02"]
[EventType "tourn (corr)"]
[EventRounds "6"]
[EventCountry "GER"]
[SourceTitle "Corr 2015"]
[Source "ChessBase"]
[SourceDate "2015.07.17"]
[SourceVersion "1"]
[SourceVersionDate "2015.07.17"]
[SourceQuality "1"]

1. e4 e5 2. Nf3 Nf6 3. Nxe5 d6 4. Nf3 Nxe4 5. d4 d5 6. Bd3 Nd6 7. 0-0 Be7 8. Bf4 0-0 9. Re1 Nd7 10. Nc3 Nf6 11. Re5 c6 12. Qe2 Nde4 13. Nxe4 dxe4 14. Bxe4 Bd6 15. Bg5 h6 16. Bxf6 Qxf6 17. Ra5 Qd8 18. Qd2 Re8 19. Bd3 Qb6 20. Rh5 Qxb2 21. Rd1 Qxa2 22. Rxh6 Bg4 23. Qg5 Bxf3 24. Rh7 1-0

[Event "GER MS-167 email"]
[Site "GER email"]
[Date "2012.09.25"]
[Round "?"]
[White "Schlumbohm, Nils"]
[Black "Hebel, Erich"]
[Result "1/2-1/2"]
[WhiteElo "1967"]
[BlackElo "1937"]
[PlyCount "79"]
[EventDate "2012.10.02"]
[EventType "tourn (corr)"]
[EventRounds "6"]
[EventCountry "GER"]
[SourceTitle "Corr 2015"]
[Source "ChessBase"]
[SourceDate "2015.07.17"]
[SourceVersion "1"]
[SourceVersionDate "2015.07.17"]
[SourceQuality "1"]

1. Nf3 Nf6 2. d4 d5 3. c4 c6 4. e3 Bf5 5. Nc3 e6 6. Nh4 Bg6 7. Nxg6 hxg6 8. h3 Nbd7 9. Bd2 Be7 10. Be2 dxc4 11. Bxc4 Qc7 12. 0-0 Nb6 13. Bb3 Rd8 14. Qe2 Kf8 15. Rad1 Kg8 16. Rfe1 Rh5 17. Bc1 Bd6 18. f4 Nbd5 19. Qf3 Rh4 20. Ne2 Bb4 21. e4 Ne7 22. Rf1 Ba5 23. f5 gxf5 24. exf5 Nxf5 25. g4 Nd6 26. Bg5 Rh8 27. Nf4 Qe7 28. Kg2 Rd7 29. Qe2 Nde4 30. Bxf6 Nxf6 31. Nxe6 Nd5 32. Bxd5 Rxd5 33. Nf4 Qxe2+ 34. Nxe2 Bb6 35. Rd3 Rh6 36. Re3 Re6 37. Rxe6 fxe6 38. Rf4 g6 39. Re4 Kf7 40. h4 1/2-1/2

[Event "GER MS-161 email"]
[Site "GER email"]
[Date "2012.06.18"]
[Round "?"]
[White "Goy, Udo"]
[Black "Schlumbohm, Nils"]
[Result "1/2-1/2"]
[WhiteElo "1993"]
[BlackElo "1894"]
[PlyCount "34"]
[EventDate "2012.06.25"]
[EventType "tourn (corr)"]
[EventRounds "6"]
[EventCountry "GER"]
[SourceTitle "Corr 2015"]
[Source "ChessBase"]
[SourceDate "2015.07.17"]
[SourceVersion "1"]
[SourceVersionDate "2015.07.17"]
[SourceQuality "1"]

1. d4 d5 2. Nf3 e6 3. c4 c5 4. cxd5 exd5 5. g3 Nf6 6. Bg2 Be7 7. 0-0 0-0 8. Nc3 Nc6 9. dxc5 Bxc5 10. a3 Ne4 11. Qc2 Nxc3 12. Qxc3 Bb6 13. b4 Bg4 14. Bb2 d4 15. Qd2 Qd7 16. a4 a6 17. Qf4 Bc7 1/2-1/2

[Event "GER MS-161 email"]
[Site "GER email"]
[Date "2012.06.18"]
[Round "?"]
[White "Remshagen, Peter"]
[Black "Schlumbohm, Nils"]
[Result "1/2-1/2"]
[WhiteElo "2090"]
[BlackElo "1894"]
[PlyCount "43"]
[EventDate "2012.06.25"]
[EventType "tourn (corr)"]
[EventRounds "6"]
[EventCountry "GER"]
[SourceTitle "Corr 2015"]
[Source "ChessBase"]
[SourceDate "2015.07.17"]
[SourceVersion "1"]
[SourceVersionDate "2015.07.17"]
[SourceQuality "1"]

1. c4 c5 2. Nf3 Nf6 3. Nc3 Nc6 4. d4 cxd4 5. Nxd4 e6 6. Bf4 d6 7. Nxc6 bxc6 8. e4 e5 9. Be3 Be7 10. Be2 0-0 11. 0-0 Be6 12. b3 Qc7 13. Rc1 Qb7 14. h3 Rfd8 15. Qc2 Rac8 16. Rfd1 d5 17. exd5 cxd5 18. cxd5 Bxd5 19. Bf1 Be6 20. Qb2 Rxd1 21. Rxd1 a6 22. Na4 1/2-1/2

[Event "GER MS-161 email"]
[Site "GER email"]
[Date "2012.06.18"]
[Round "?"]
[White "Schlumbohm, Nils"]
[Black "Hebel, Erich"]
[Result "1/2-1/2"]
[WhiteElo "1894"]
[BlackElo "1966"]
[PlyCount "55"]
[EventDate "2012.06.25"]
[EventType "tourn (corr)"]
[EventRounds "6"]
[EventCountry "GER"]
[SourceTitle "Corr 2015"]
[Source "ChessBase"]
[SourceDate "2015.07.17"]
[SourceVersion "1"]
[SourceVersionDate "2015.07.17"]
[SourceQuality "1"]

1. e4 e5 2. Nf3 Nc6 3. Bb5 Nf6 4. 0-0 Be7 5. Nc3 d6 6. d4 exd4 7. Nxd4 Bd7 8. Nf5 Bxf5 9. exf5 a6 10. Ba4 0-0 11. Nd5 Nxd5 12. Qxd5 Qd7 13. c3 Bf6 14. g4 g6 15. Bc2 Rfe8 16. h3 Re5 17. Qf3 Rf8 18. a4 Ree8 19. Be3 g5 20. Qg2 h6 21. Rfd1 Re7 22. h4 Rfe8 23. hxg5 hxg5 24. a5 Kg7 25. Ba4 Re4 26. Re1 d5 27. Qg3 d4 28. cxd4 1/2-1/2

[Event "GER MS-161 email"]
[Site "GER email"]
[Date "2012.06.18"]
[Round "?"]
[White "Schlumbohm, Nils"]
[Black "Hoppe, Frank"]
[Result "0-1"]
[WhiteElo "1894"]
[BlackElo "2129"]
[PlyCount "70"]
[EventDate "2012.06.25"]
[EventType "tourn (corr)"]
[EventRounds "6"]
[EventCountry "GER"]
[SourceTitle "Corr 2015"]
[Source "ChessBase"]
[SourceDate "2015.07.17"]
[SourceVersion "1"]
[SourceVersionDate "2015.07.17"]
[SourceQuality "1"]

1. e4 e6 2. d4 d5 3. e5 c5 4. c3 Nc6 5. Nf3 Qb6 6. Bd3 cxd4 7. cxd4 Bd7 8. 0-0 Nxd4 9. Nbd2 Bc5 10. Nxd4 Bxd4 11. Nf3 Ne7 12. Bd2 f5 13. exf6 Bxf6 14. Ne5 Bb5 15. Qh5+ g6 16. Qe2 Bxd3 17. Nxd3 Nf5 18. Rfe1 Nd4 19. Qg4 0-0 20. Be3 e5 21. Rad1 Rae8 22. Bxd4 Qxd4 23. Qxd4 exd4 24. Kf1 Rc8 25. Re2 Rfd8 26. g3 g5 27. f4 h6 28. Ke1 Kg7 29. Kd2 Rd6 30. Ne5 Ra6 31. Ra1 gxf4 32. gxf4 d3 33. Kxd3 Ra4 34. Rf2 Re4 35. Rg1+ Kh7 0-1